| 000 | 04604nam a22004937a 4500 | ||
|---|---|---|---|
| 005 | 20110404160411.0 | ||
| 010 | _aB-427995-8000 | ||
| 020 |
_a9780099525233 _c350.00 |
||
| 037 |
_aDPL _bArrow books |
||
| 037 | _bAllied/DE2010/CR2904/25.3.11/280/4.3.11/29.3.11 | ||
| 082 | 0 | 0 | _aN |
| 100 | 1 |
_aHall Tarquin _932255 |
|
| 245 | 1 | 4 |
_aThe case of the missing servant / _cTarquin Hall |
| 260 | _c2010 | ||
| 300 |
_a312p. _c23 cm. |
||
| 650 | 0 |
_vFiction. _932256 |
|
| 942 |
_2ddc _cEN _hN _mHAL |
||
| 999 |
_c51417 _d51417 |
||